Elenca la formazione - Quiz n°235 - Statistics

Statistiche generali
  • Questo quiz è stato fatto 16 volte
  • Il punteggio medio è 3 su 11
Statistiche sulle risposte
Ruolo Club dell'epoca Calciatore % Corretto
Centrocampista Inter Álvaro Recoba
86%
Difensore Juventus Paolo Montero
71%
Portiere Juventus Fabián Carini
43%
Difensore Inter Gonzlo SOrondo
36%
Centrocampista Peñarol Darío Rodríguez
14%
Attaccante Malaga Darío Silva
14%
Centrocampista Nacional Gustavo Varela
7%
Centrocampista Malaga Marcelo Romero
7%
Centrocampista Venezia Pablo García
7%
Difensore Nacional Alejandro Lembo
0%
Attaccante Cruz Azul Sebastián Abreu
0%
Nessun quiz corrispondente trovato
Distribuzione punteggi
Percentuale di utenti per punteggio
Percentile per numero di risposta
I tuoi punteggi nel tempo
Non hai fatto questo quiz